000
00302nam a22000977a 4500
008
150623b xxu||||| |||| 00| 0 eng d
010
_8
HCCRSARF:008
245
_a
HIGH COURT CRIMINAL SESSION NO.381 OF 1970 Uganda Vs Demeteriyo Laddu
260
_a
High Court Kampala
500
_3
BEFORE: Hon. Mr. Justice Mead
999
_c
6593
_d
6593